[Event "GER-chT U14"]
[Site "Willingen"]
[Date "2021.06.25"]
[Round "3.5"]
[White "Schmidt, Boris"]
[Black "Rennkamp, David"]
[Result "1-0"]
[WhiteElo "1536"]
[BlackElo "1371"]
[PlyCount "63"]
[EventDate "2021.06.23"]
[EventType "team-swiss"]
[EventRounds "7"]
[EventCountry "GER"]
[SourceTitle "EXT 2022"]
[Source "ChessBase"]
[SourceDate "2021.10.06"]
[SourceVersion "1"]
[SourceVersionDate "2021.10.06"]
[SourceQuality "1"]
[WhiteTeam "Duesseldorf SV"]
[BlackTeam "Lueneburg Turm"]
[WhiteTeamCountry "GER"]
[BlackTeamCountry "GER"]

1. e4 e5 2. Nf3 Nc6 3. Bc4 Bc5 4. c3 Nf6 5. d4 exd4 6. e5 d5 7. Bb5 Ne4 8. cxd4 Bb4+ 9. Bd2 Bxd2+ 10. Nbxd2 Bg4 11. Bxc6+ bxc6 12. Qc2 Qd7 13. Nxe4 Bf5 14. Nfd2 dxe4 15. Nxe4 0-0-0 16. Rd1 Qd5 17. f3 Qxa2 18. Qxc6 Bxe4 19. Qxe4 Qxb2 20. 0-0 Qb7 21. Qg4+ Rd7 22. d5 Qb6+ 23. Kh1 Re8 24. Qe4 Qb5 25. f4 Red8 26. d6 Qb7 27. Qc4 a6 28. Rb1 Qa7 29. Ra1 a5 30. Rfc1 f6 31. Qb5 Qb6 32. Qxb6 1-0

[Event "Heusenstamm Sparkassen op U14 4th"]
[Site "Heusenstamm"]
[Date "2017.11.25"]
[Round "2"]
[White "Schweizer, Michael"]
[Black "Schmidt, Boris"]
[Result "1-0"]
[WhiteElo "1462"]
[BlackElo "1149"]
[PlyCount "161"]
[EventDate "2017.11.24"]
[EventType "swiss"]
[EventRounds "5"]
[EventCountry "GER"]
[SourceTitle "EXT 2019"]
[Source "ChessBase"]
[SourceDate "2018.10.10"]
[SourceVersion "1"]
[SourceVersionDate "2018.10.10"]
[SourceQuality "1"]

1. e4 c5 2. Nf3 e6 3. d4 cxd4 4. Nxd4 Nf6 5. Nc3 Bb4 6. Bd3 Nc6 7. Nxc6 dxc6 8. Bd2 0-0 9. 0-0 Qc7 10. Ne2 Bd6 11. Ng3 c5 12. c4 e5 13. Bg5 Be7 14. Bxf6 Bxf6 15. Ne2 Qb6 16. b3 Be7 17. Nc3 Rd8 18. Nd5 Qd6 19. Bc2 b6 20. Re1 Bb7 21. Qd3 Kh8 22. Qf3 Bxd5 23. exd5 f6 24. Qe4 g6 25. Qh4 f5 26. Qg3 Bf6 27. Re2 Qe7 28. Rae1 e4 29. Qf4 Bc3 30. Rd1 g5 31. Qxf5 Rf8 32. Qxe4 Qf7 33. f3 Bd4+ 34. Kh1 Rae8 35. Qd3 Rxe2 36. Qxe2 Re8 37. Be4 Qh5 38. Qd2 Be5 39. h3 Bf4 40. Qc3+ Be5 41. Qd3 Qh4 42. Kg1 Bd4+ 43. Kh1 Qg3 44. Qf1 Rf8 45. Qe1 Bf2 46. Qe2 g4 47. Rf1 Bd4 48. fxg4 Rxf1+ 49. Qxf1 Kg7 50. Bf3 Be5 51. Qg1 Bd4 52. Qc1 Be5 53. Qg1 Bd4 54. Qc1 Be5 55. Kg1 Qh2+ 56. Kf2 Qg3+ 57. Ke2 Bf4 58. Qc3+ Be5 59. Qe3 Kf6 60. Qh6+ Kf7 61. Qxh7+ Bg7 62. Qh5+ Kf6 63. Qf5+ Ke7 64. Qe6+ Kd8 65. Qg8+ Kd7 66. Qxg7+ Kd8 67. Qf6+ Kd7 68. d6 Qxd6 69. Qxd6+ Kxd6 70. Ke3 Ke6 71. Kf4 Kf6 72. h4 Ke6 73. g5 Kf7 74. Kf5 Kg7 75. g6 Kf8 76. Kf6 Kg8 77. g7 a6 78. Bd5+ Kh7 79. Kf7 Kh6 80. g8Q Kh5 81. Qg5# 1-0